000 00541nam a2200181Ia 4500
003 OSt
005 20201001110653.0
008 190216s9999||||xx |||||||||||||| ||und||
020 _a8188826146
040 _coclc
082 _a333.7
_bPUR/T
100 _aPurohit, Shrinath
_9381
245 0 _aA Text Book Of Environmental Sciences /
_cShrinath Purohit ; Q J Shammi ; A K Agarwal
260 _bStudent Edition,
_c2004.
_aJodhpur:
300 _a397p
650 _aBotany
942 _cBK
_2ddc
_h333.7
_iPUR/T
_k333.7
_mPUR/T
999 _c1544
_d1544